[Event "SR 5. liga SE-SI 2013/2014"]
[Site "?"]
[Date "2014.03.15"]
[Round "10.5"]
[White "Mraz, Jan"]
[Black "Filipek, Pavol"]
[Result "1-0"]
[WhiteElo "1000"]
[BlackElo "1000"]
[PlyCount "73"]
[EventDate "2013.??.??"]

1. d4 d5 2. c4 e6 3. Nc3 Nf6 4. Bg5 Nbd7 5. e3 Bb4 6. Rc1 Nb6 7. c5 Nbd7 8. a3
Bxc3+ 9. Rxc3 O-O 10. Bd3 e5 11. c6 bxc6 12. Rxc6 e4 13. Bb1 Rb8 14. Qc2 Rb7
15. Ne2 h6 16. Bf4 Nb6 17. Bxc7 Qd7 18. Bxb6 axb6 19. O-O Rb8 20. Rc1 Bb7 21.
Rxb6 Rbc8 22. Qb3 Rxc1+ 23. Nxc1 Rc8 24. Ne2 Qg4 25. Qd1 Qxe2 26. Qxe2 Rc1+ 27.
Qf1 Rxf1+ 28. Kxf1 Ng4 29. Rxb7 Nxh2+ 30. Ke2 Ng4 31. f3 Nf6 32. fxe4 dxe4 33.
a4 g5 34. a5 Kf8 35. Ba2 Ne8 36. a6 Nd6 37. Rxf7+ 1-0

[Event "SR 5. liga SE-SI 2013/2014"]
[Site "?"]
[Date "2014.03.22"]
[Round "11.1"]
[White "Klimes, Karel"]
[Black "Brunovsky, Peter"]
[Result "1/2-1/2"]
[WhiteElo "1651"]
[BlackElo "1829"]
[PlyCount "39"]
[EventDate "2013.??.??"]

1. e4 c6 2. Nf3 d5 3. exd5 cxd5 4. d4 Nc6 5. Bf4 g6 6. c3 Bg7 7. Bb5 Nh6 8. Ne5
Bd7 9. Nxd7 Qxd7 10. O-O O-O 11. Nd2 Nf5 12. Nf3 Nd6 13. Ba4 Nc4 14. Qe2 Rfe8
15. Ne5 N4xe5 16. Bxe5 f6 17. Bg3 Kh8 18. Qd2 Rad8 19. f4 a6 20. Rae1 1/2-1/2

[Event "SR 5. liga SE-SI 2013/2014"]
[Site "?"]
[Date "2014.03.22"]
[Round "11.1"]
[White "Valla, Tomas"]
[Black "Sobek, Michal"]
[Result "1-0"]
[WhiteElo "1814"]
[BlackElo "1230"]
[PlyCount "47"]
[EventDate "2013.??.??"]

1. e4 e5 2. f4 Bc5 3. Nf3 d6 4. c3 Nf6 5. Bd3 Ng4 6. Rf1 Nxh2 7. Rh1 Ng4 8. Rf1
Nf6 9. Qe2 Bd7 10. Bc2 Qe7 11. d3 a5 12. a4 Bg4 13. Be3 Bxe3 14. Qxe3 Nh5 15.
f5 Nf4 16. Qf2 h5 17. g3 Nh3 18. Qg2 h4 19. Qh2 Ng5 20. Nxh4 Qd8 21. Nd2 Nd7
22. f6 gxf6 23. Nf5 Bxf5 24. Rxf5 {nie je mozne prehrat} 1-0

[Event "SR 5. liga SE-SI 2013/2014"]
[Site "?"]
[Date "2014.03.22"]
[Round "11.1"]
[White "Valigursky, Michal"]
[Black "Zajicek, Ferdinand"]
[Result "0-1"]
[WhiteElo "1299"]
[BlackElo "1823"]
[PlyCount "104"]
[EventDate "2013.??.??"]

1. e4 c5 2. Nf3 Nc6 3. d4 cxd4 4. Nxd4 d6 5. Bb5 Bd7 6. Nc3 Nf6 7. Be3 g6 8.
Qd2 Bg7 9. O-O-O Qa5 10. Kb1 O-O 11. Bh6 Nxd4 12. Bxd7 Nxc2 13. Bxg7 Kxg7 14.
Qxc2 Nxd7 15. h4 Rac8 16. g4 Rc4 17. h5 Rfc8 18. Rc1 Qb6 19. Rh3 Ne5 20. hxg6
fxg6 21. g5 Nd7 22. Rch1 Nf8 23. f4 a5 24. f5 Qb4 25. f6+ exf6 26. gxf6+ Kf7
27. Re3 Rxc3 28. Rxc3 Rxc3 29. Qxc3 Qxe4+ 30. Kc1 Qxh1+ 31. Kc2 Qc6 32. Qxc6
bxc6 33. Kd3 Kxf6 34. Ke4 h5 35. Kf4 Ne6+ 36. Kg3 g5 37. Kh3 Kf5 38. Kg3 Ke4
39. a3 a4 40. Kf2 Kd3 41. Kf3 d5 42. Kf2 Kc2 43. Ke3 Kxb2 44. Kd3 Kxa3 45. Kc3
h4 46. Kd3 h3 47. Ke3 h2 48. Kd3 h1=Q 49. Kc3 Qf3+ 50. Kd2 Nd4 51. Kc1 Qe2 52.
Kb1 Qb2# 0-1

[Event "SR 5. liga SE-SI 2013/2014"]
[Site "?"]
[Date "2014.03.22"]
[Round "11.1"]
[White "Kastler, Peter"]
[Black "Vozarova, Adriana"]
[Result "1-0"]
[WhiteElo "1710"]
[BlackElo "1172"]
[PlyCount "99"]
[EventDate "2013.??.??"]

1. d4 d5 2. c4 e6 3. Nc3 Nf6 4. Nf3 Be7 5. e3 O-O 6. b3 Nc6 7. Be2 Bd7 8. O-O
Kh8 9. Bb2 g5 10. Nxg5 Qe8 11. f4 Rg8 12. Bh5 Rg7 13. e4 dxe4 14. Ncxe4 Qg8 15.
d5 Nd8 16. Nxf6 Bxf6 17. Bxf6 c6 18. Qd4 cxd5 19. cxd5 exd5 20. Bxd8 Be6 21.
Bf6 Rc8 22. Bxg7+ Qxg7 23. Qxg7+ Kxg7 24. Nxe6+ fxe6 25. Rac1 Rxc1 26. Rxc1 Kh6
27. Bg4 d4 28. Rc7 d3 29. Bxe6 d2 30. Bg4 Kg6 31. Kf2 h5 32. Bxh5+ Kxh5 33. Ke2
Kg4 34. Kxd2 Kxf4 35. Re7 Kf5 36. Kd3 Kf6 37. Re3 Kf5 38. Kd4 Kf4 39. Re8 Kf5
40. Kd5 Kf6 41. Kd6 Kf7 42. Re3 Kf6 43. Rf3+ Kg6 44. Ke5 Kg7 45. Ke6 Kg8 46.
Ke7 Kg7 47. Rg3+ Kh7 48. Kf6 Kh8 49. Kf7 Kh7 50. Rh3# 1-0

[Event "SR 5. liga SE-SI 2013/2014"]
[Site "?"]
[Date "2014.03.22"]
[Round "11.1"]
[White "Fajtakova, Silvia"]
[Black "Mraz, Jan"]
[Result "1/2-1/2"]
[WhiteElo "1109"]
[BlackElo "1000"]
[PlyCount "52"]
[EventDate "2013.??.??"]

1. e4 e6 2. d4 Qh4 3. Nc3 Bb4 4. Nf3 Bxc3+ 5. bxc3 Qxe4+ 6. Be2 Nf6 7. O-O O-O
8. Bd3 Qc6 9. Qd2 d6 10. Qe3 Qd7 11. Qg5 Qd8 12. Qg3 g6 13. Bg5 Nh5 14. Qh4 f6
15. Bh6 Ng7 16. Rfe1 Rf7 17. Qf4 Nf5 18. Bxf5 exf5 19. Re2 Re7 20. Rxe7 Qxe7
21. Re1 Qd7 22. Re2 b6 23. Qd2 Bb7 24. Qe1 Kf7 25. Nd2 Nc6 26. d5 Ne5 1/2-1/2

[Event "SR 5. liga SE-SI 2013/2014"]
[Site "?"]
[Date "2014.03.22"]
[Round "11.3"]
[White "Hrubsa, Marian"]
[Black "Huska, Branislav"]
[Result "1-0"]
[WhiteElo "1801"]
[BlackElo "1575"]
[PlyCount "97"]
[EventDate "2013.??.??"]

1. e4 c5 2. Nf3 d6 3. d4 cxd4 4. Nxd4 Nf6 5. Nc3 a6 6. Be2 e5 7. Nb3 Be7 8. Be3
Be6 9. O-O b5 10. a3 Nbd7 11. Qe1 Qc7 12. Rd1 O-O 13. f3 Nb6 14. f4 Nc4 15. Bc1
exf4 16. Rxf4 Rac8 17. Nd5 Bxd5 18. exd5 Nxb2 19. Bxb2 Qxc2 20. Bxf6 Bxf6 21.
Nd4 Qc5 22. Kh1 Rfe8 23. Qf1 Be5 24. Rg4 Qxa3 25. Nf5 Kh8 26. Nh4 Rc7 27. Nf3
Bf6 28. Bd3 Rec8 29. Bf5 Rb8 30. Rg3 Qc5 31. Rh3 g6 32. Bb1 Kg7 33. g4 h6 34.
Rg3 a5 35. h4 Qc4 36. g5 hxg5 37. hxg5 Rh8+ 38. Kg2 Qxf1+ 39. Rxf1 Bc3 40. Ne1
a4 41. Nd3 b4 42. Rc1 Rb7 43. Rg4 Rhb8 44. Rh1 Rh8 45. Rc1 Bd2 46. Rc6 a3 47.
Ra6 Rg8 48. Ra4 Re8 49. Kf1 1-0

[Event "SR 5. liga SE-SI 2013/2014"]
[Site "?"]
[Date "2014.03.22"]
[Round "11.3"]
[White "Macalka, Ondrej"]
[Black "Pagac, Robert"]
[Result "0-1"]
[WhiteElo "1492"]
[BlackElo "1831"]
[PlyCount "68"]
[EventDate "2013.??.??"]

1. e4 e5 2. Nf3 Nc6 3. Bc4 Nf6 4. c3 d6 5. d3 Be7 6. Bg5 Bg4 7. Nbd2 O-O 8. O-O
Na5 9. Bb5 a6 10. Ba4 d5 11. exd5 Qxd5 12. Qe2 b5 13. Bc2 Nc6 14. Ne4 Nxe4 15.
Bxe7 Nxc3 16. bxc3 Bxf3 17. gxf3 Nxe7 18. f4 Ng6 19. fxe5 Nxe5 20. f4 Nd7 21.
d4 Nf6 22. Rae1 Rad8 23. Rf2 Rfe8 24. Qf1 Rxe1 25. Qxe1 c5 26. Rd2 Re8 27. Qd1
Qd6 28. Qf3 Qe6 29. Kg2 Nd5 30. dxc5 Ne3+ 31. Kg3 Nf1+ 32. Qxf1 Qe3+ 33. Qf3
Qxd2 34. Be4 Qe1+ 0-1

[Event "SR 5. liga SE-SI 2013/2014"]
[Site "?"]
[Date "2014.03.22"]
[Round "11.3"]
[White "Danihel, Jozef"]
[Black "Petras, Michal"]
[Result "1-0"]
[WhiteElo "1553"]
[BlackElo "1268"]
[PlyCount "33"]
[EventDate "2013.??.??"]

1. d4 d5 2. c4 e6 3. a3 Nf6 4. Bg5 Be7 5. Nc3 a6 6. Nf3 Nc6 7. e3 O-O 8. Qc2 h6
9. Bh4 Nh5 10. Bg3 Bf6 11. Bd3 Ne7 12. Rd1 b6 13. Ne5 Bxe5 14. dxe5 c6 15. Qe2
g6 16. Bh4 Kh7 17. Qxh5 1-0

[Event "SR 5. liga SE-SI 2013/2014"]
[Site "?"]
[Date "2014.03.22"]
[Round "11.3"]
[White "Kridl, Oliver"]
[Black "Davidik, Miroslav"]
[Result "1-0"]
[WhiteElo "1250"]
[BlackElo "1440"]
[PlyCount "111"]
[EventDate "2013.??.??"]

1. d4 d5 2. Nf3 Nf6 3. e3 e6 4. c4 Be7 5. Nc3 b6 6. Be2 O-O 7. O-O h6 8. a3 c5
9. b3 Nc6 10. Bb2 Bb7 11. h3 Ne4 12. dxc5 Nxc3 13. Bxc3 bxc5 14. Rb1 Rb8 15.
Ne5 Bf6 16. Nxc6 Bxc6 17. Qc2 e5 18. cxd5 Qxd5 19. Bf3 e4 20. Bg4 Bxc3 21. Qxc3
Rfd8 22. Rfd1 Qg5 23. Rd2 Rxd2 24. Qxd2 Rd8 25. Qa5 Qe7 26. Rc1 Bd5 27. Rxc5
Bxb3 28. Rc7 Qf6 29. Rxa7 Bd5 30. Qe1 Qc6 31. g3 g6 32. Kh2 h5 33. Be2 h4 34.
Qg1 hxg3+ 35. Qxg3 Qc2 36. Bf1 Be6 37. Kg2 Rd5 38. Kh2 Kg7 39. Rc7 Qb2 40. Bc4
Rd2 41. Kg2 Bxh3+ 42. Kxh3 Rxf2 43. Rxf7+ Rxf7 44. Bxf7 Kxf7 45. Qf4+ Kg7 46.
Qxe4 Qxa3 47. Kg4 Qc1 48. Qe7+ Kh6 49. Qf8+ Kh7 50. Qf7+ Kh6 51. Qf3 Kg7 52.
Kg5 Qc5+ 53. Kf4 Qf5+ 54. Kg3 Qg5+ 55. Kf2 Qa5 56. Ke2 1-0

[Event "SR 5. liga SE-SI 2013/2014"]
[Site "?"]
[Date "2014.03.22"]
[Round "11.3"]
[White "Rajcak, Milan"]
[Black "Rajec, Matus"]
[Result "1-0"]
[WhiteElo "1000"]
[BlackElo "1060"]
[PlyCount "85"]
[EventDate "2013.??.??"]

1. e4 d5 2. exd5 Qxd5 3. Nc3 Qe6+ 4. Be2 Qc6 5. Bf3 Qg6 6. d4 c6 7. d5 h5 8.
Nge2 Bg4 9. Nf4 Qf5 10. Bxg4 hxg4 11. Be3 g5 12. Nfe2 Nf6 13. Ng3 Qe5 14. Qd3
Nxd5 15. Nxd5 cxd5 16. O-O-O Nc6 17. c3 e6 18. Qb5 O-O-O 19. Qa4 f5 20. Bxg5
Rd7 21. Bf4 Bh6 22. Bxh6 Rxh6 23. Rhe1 Qf6 24. Nf1 d4 25. cxd4 Rxd4 26. Rxd4
Qxd4 27. Qc2 Qd5 28. Kb1 Qxg2 29. Qc5 Kc7 30. Rc1 Qe4+ 31. Ka1 b6 32. Qe7+ Kc8
33. Qf8+ Kb7 34. Qxh6 Nd4 35. Qd2 Ne2 36. Re1 Qh1 37. Qxe2 Qc6 38. Qxe6 Qc2 39.
Qe2 Qc6 40. Ng3 f4 41. Qe4 fxg3 42. Qxc6+ Kxc6 43. fxg3 1-0

[Event "SR 5. liga SE-SI 2013/2014"]
[Site "?"]
[Date "2014.03.22"]
[Round "11.4"]
[White "Holiencin, Filip"]
[Black "Diviak, Rastislav"]
[Result "1/2-1/2"]
[WhiteElo "1828"]
[BlackElo "1998"]
[PlyCount "53"]
[EventDate "2013.??.??"]

1. d4 g6 2. Nf3 Bg7 3. c4 d6 4. e4 Nf6 5. Nc3 O-O 6. Be2 e5 7. dxe5 dxe5 8. O-O
c6 9. Bg5 Qc7 10. Qc2 Bg4 11. h3 Bxf3 12. Bxf3 Nbd7 13. b4 Rfd8 14. Rad1 Nf8
15. Bg4 h5 16. Bf3 Ne6 17. Be3 Bf8 18. c5 Kh7 19. Na4 Rxd1 20. Rxd1 Rd8 21. g3
Rd7 22. Qc1 Qd8 23. Rxd7 Qxd7 24. Qc3 Nd4 25. Bxd4 exd4 26. Qd3 Bg7 27. Kg2
1/2-1/2

[Event "SR 5. liga SE-SI 2013/2014"]
[Site "?"]
[Date "2014.03.22"]
[Round "11.4"]
[White "Buran, Andrej"]
[Black "Benak, Peter"]
[Result "1/2-1/2"]
[WhiteElo "1392"]
[BlackElo "1601"]
[PlyCount "41"]
[EventDate "2013.??.??"]

1. e4 Nf6 2. e5 Nd5 3. c4 Nb6 4. c5 Nd5 5. Bc4 e6 6. Bxd5 exd5 7. d4 d6 8. cxd6
cxd6 9. exd6 Bxd6 10. Nc3 Be6 11. Nf3 O-O 12. O-O Nc6 13. Ng5 Qf6 14. Nxe6 fxe6
15. Be3 Bf4 16. Qd2 Qh6 17. g3 Bxe3 18. fxe3 Ne7 19. Rxf8+ Rxf8 20. Rf1 Rxf1+
21. Kxf1 1/2-1/2

[Event "SR 5. liga SE-SI 2013/2014"]
[Site "?"]
[Date "2014.03.22"]
[Round "11.4"]
[White "Cambal, Peter"]
[Black "Mudroch, Martin"]
[Result "0-1"]
[WhiteElo "1014"]
[BlackElo "1360"]
[PlyCount "60"]
[EventDate "2013.??.??"]

1. e4 c6 2. d4 d5 3. e5 Bf5 4. Nf3 Nd7 5. Be2 e6 6. O-O c5 7. Be3 cxd4 8. Bxd4
f6 9. Bb5 Bg4 10. Nbd2 a6 11. Bxd7+ Qxd7 12. c4 fxe5 13. Bxe5 Bd6 14. Re1 Bxe5
15. Rxe5 Nf6 16. Qc2 O-O 17. Rd1 Rac8 18. b3 Qc6 19. Nd4 Bxd1 20. Nxc6 Bxc2 21.
Ne7+ Kf7 22. Nxc8 Rxc8 23. cxd5 exd5 24. Nf3 Bb1 25. Ng5+ Kg6 26. f3 Bxa2 27.
g4 Re8 28. Rf5 Bb1 29. h4 Bxf5 30. h5+ Kxg5 0-1

[Event "SR 5. liga SE-SI 2013/2014"]
[Site "?"]
[Date "2014.03.22"]
[Round "11.4"]
[White "Hrdlicka, Martin"]
[Black "Horak, Viliam"]
[Result "1-0"]
[WhiteElo "1007"]
[BlackElo "1000"]
[PlyCount "57"]
[EventDate "2013.??.??"]

1. e4 e5 2. Nf3 Nc6 3. Bb5 Nf6 4. Nc3 Bc5 5. Bxc6 dxc6 6. O-O Bg4 7. d3 O-O 8.
Be3 Bxe3 9. fxe3 c5 10. Qd2 Bxf3 11. Rxf3 Re8 12. Qe2 Ng4 13. Rg3 Qh4 14. Rxg4
Qh5 15. Rxg7+ Kxg7 16. Qxh5 Rad8 17. Qg5+ Kh8 18. Qh6 Re6 19. Qh3 Rg6 20. Rf1
Rf8 21. Nd5 c6 22. Ne7 Rg7 23. Rf3 a5 24. Rg3 Rxg3 25. Qxg3 a4 26. Nf5 Rg8 27.
Qxe5+ f6 28. Qxf6+ Rg7 29. Qxg7# 1-0

[Event "SR 5. liga SE-SI 2013/2014"]
[Site "?"]
[Date "2014.03.22"]
[Round "11.4"]
[White "Sefcik, Oliver"]
[Black "Svarc, Vaclav"]
[Result "0-1"]
[WhiteElo "1000"]
[BlackElo "1000"]
[PlyCount "46"]
[EventDate "2013.??.??"]

1. e4 e5 2. Nf3 Nc6 3. Bc4 Bc5 4. Nc3 Nf6 5. d3 d6 6. Bg5 Bg4 7. O-O O-O 8. Nd5
Nd4 9. Re1 h6 10. Bxf6 gxf6 11. Qd2 Bxf3 12. gxf3 Nxf3+ 13. Kh1 Nxd2 14. Rad1
Bxf2 15. Re2 Nxc4 16. dxc4 Bc5 17. Rg2+ Kh8 18. b4 c6 19. bxc5 cxd5 20. cxd5
Rg8 21. Rdg1 Qa5 22. cxd6 Qxa2 23. c4 Qxc4 0-1

[Event "SR 5. liga SE-SI 2013/2014"]
[Site "?"]
[Date "2014.03.22"]
[Round "11.5"]
[White "Mysicka, Miroslav"]
[Black "Ocko, Martin"]
[Result "0-1"]
[WhiteElo "1853"]
[BlackElo "1736"]
[PlyCount "102"]
[EventDate "2013.??.??"]

1. e4 c5 2. Nf3 a6 3. a4 Nc6 4. Bc4 g6 5. O-O Bg7 6. c3 d6 7. d3 Nf6 8. Ng5 O-O
9. f4 e6 10. Nd2 Re8 11. Ndf3 h6 12. Nh3 d5 13. e5 dxc4 14. exf6 Qxf6 15. dxc4
Rd8 16. Qe2 b6 17. Nf2 Bb7 18. Ng4 Qf5 19. Nge5 Nxe5 20. Nxe5 Qe4 21. Qxe4 Bxe4
22. Re1 Bb7 23. Be3 g5 24. Rad1 Bxe5 25. fxe5 Bc6 26. b3 Kg7 27. g3 Bf3 28.
Rxd8 Rxd8 29. Kf2 Bd1 30. a5 bxa5 31. Bxc5 Bxb3 32. Bb6 Rd2+ 33. Re2 Rxe2+ 34.
Kxe2 Bxc4+ 35. Ke3 a4 36. Bc5 Kg6 37. Be7 Kf5 38. Bd6 Kg4 39. Kf2 Kh3 40. Kg1
a5 41. Be7 Kg4 42. Kg2 Bd5+ 43. Kf2 Kf5 44. Bd6 Ke4 45. h3 Kd3 46. h4 g4 47.
Bc5 Be4 48. Bb4 a3 49. Bd6 Kxc3 50. Ke3 Bf5 51. Ke2 Kb2 0-1

[Event "SR 5. liga SE-SI 2013/2014"]
[Site "?"]
[Date "2014.03.22"]
[Round "11.5"]
[White "Trojkova, Michaela"]
[Black "Beran, Jan"]
[Result "1-0"]
[WhiteElo "1455"]
[BlackElo "1694"]
[PlyCount "81"]
[EventDate "2013.??.??"]

1. e4 e5 2. Nf3 d6 3. Nc3 Nf6 4. d3 Nc6 5. Bg5 h6 6. Be3 Be6 7. Be2 d5 8. exd5
Nxd5 9. Nxd5 Bxd5 10. h3 e4 11. dxe4 Bxe4 12. c3 Be7 13. O-O O-O 14. Qxd8 Raxd8
15. Rfd1 a6 16. Rxd8 Rxd8 17. Rd1 Bf6 18. Rxd8+ Nxd8 19. Bd4 Bxd4 20. Nxd4 c6
21. Kf1 Kf8 22. Bf3 Bxf3 23. Nxf3 Ne6 24. Nd4 Nxd4 25. cxd4 Ke7 26. Ke2 Kd6 27.
Kd3 Kd5 28. b3 b6 29. a3 f5 30. f4 g5 31. g3 a5 32. b4 a4 33. fxg5 hxg5 34. h4
gxh4 35. gxh4 f4 36. h5 Ke6 37. Ke4 f3 38. Kxf3 Kf6 39. Ke4 Kg5 40. Ke5 Kxh5
41. Kd6 1-0

[Event "SR 5. liga SE-SI 2013/2014"]
[Site "?"]
[Date "2014.03.22"]
[Round "11.5"]
[White "Sukopcak, Miroslav"]
[Black "Ulehla, Jakub"]
[Result "1-0"]
[WhiteElo "1668"]
[BlackElo "1111"]
[PlyCount "85"]
[EventDate "2013.??.??"]

1. e4 e5 2. Nf3 Nc6 3. c3 Nf6 4. d3 Bc5 5. h3 d6 6. Nbd2 Be6 7. a3 O-O 8. Be2
h6 9. a4 a6 10. Nh2 d5 11. b4 Ba7 12. Ba3 Re8 13. O-O d4 14. c4 Ne7 15. f4 exf4
16. Rxf4 Ng6 17. Rf1 Qd7 18. Ndf3 Nf4 19. Ne5 Nxe2+ 20. Qxe2 Qd6 21. Neg4 Nxg4
22. Nxg4 Bxg4 23. Qxg4 Qe6 24. Rf5 g6 25. Raf1 Re7 26. Qg3 c6 27. b5 Rd7 28.
Rf6 Bb8 29. Qh4 Qe5 30. Qxh6 Qh2+ 31. Kf2 Qg3+ 32. Ke2 g5 33. Bc1 Be5 34. bxc6
Bxf6 35. cxd7 Be7 36. Rf2 Rd8 37. Qh5 Rxd7 38. Qxf7+ Kh8 39. Qe8+ Kg7 40. Qxd7
Qe5 41. Rf5 Qd6 42. Qxd6 Bxd6 43. Rxg5+ 1-0

[Event "SR 5. liga SE-SI 2013/2014"]
[Site "?"]
[Date "2014.03.22"]
[Round "11.5"]
[White "Kaufman, Robert"]
[Black "Lauko, Tomas"]
[Result "0-1"]
[WhiteElo "1054"]
[BlackElo "1421"]
[PlyCount "74"]
[EventDate "2013.??.??"]

1. e4 d5 2. exd5 Qxd5 3. Nc3 Qa5 4. Nf3 Nc6 5. Bb5 Bd7 6. O-O O-O-O 7. d3 e5 8.
Bd2 f6 9. Qe1 Nd4 10. Qd1 Nxf3+ 11. Qxf3 Bxb5 12. Ne4 Qa6 13. c4 Bc6 14. Bc3
Nh6 15. Qe3 Nf5 16. Qh3 Bd7 17. Qf3 Nd4 18. Bxd4 exd4 19. Rfb1 h5 20. a4 Bb4
21. a5 g5 22. Qd1 Bf5 23. Ng3 Bg6 24. Qf3 c5 25. Qd1 Rhe8 26. Qf3 h4 27. Nf5
Re5 28. g4 Rde8 29. Kf1 Bxf5 30. gxf5 Kc7 31. Qh5 Qc6 32. Kg1 Bxa5 33. Qf7+
R8e7 34. Qg8 Be1 35. h3 Bxf2+ 36. Kf1 Qh1+ 37. Kxf2 Re2# 0-1

[Event "SR 5. liga SE-SI 2013/2014"]
[Site "?"]
[Date "2014.03.22"]
[Round "11.5"]
[White "Drozd, Jan"]
[Black "Jankovic, Frantisek"]
[Result "1-0"]
[WhiteElo "1574"]
[BlackElo "1000"]
[PlyCount "67"]
[EventDate "2013.??.??"]

1. d4 Nf6 2. c4 e5 3. dxe5 Ng4 4. Nf3 Bc5 5. e3 Nc6 6. h3 Ngxe5 7. Nc3 Bb4 8.
Bd2 Nxf3+ 9. Qxf3 O-O 10. a3 Bxc3 11. Bxc3 f6 12. Bd3 Ne5 13. Qd5+ Nf7 14. O-O
c6 15. Qf3 Ne5 16. Qe2 Nxd3 17. Qxd3 d5 18. Rad1 Be6 19. Qc2 Qb6 20. cxd5 Bxd5
21. b4 Bc4 22. Rfe1 c5 23. Rb1 Rad8 24. Bxf6 Bd3 25. Qa2+ c4 26. Bxd8 Bxb1 27.
Qxc4+ Rf7 28. Bxb6 axb6 29. Rxb1 Kf8 30. Rd1 Ke8 31. Qc8+ Ke7 32. Rd7+ Kf6 33.
Rxf7+ Kxf7 34. Qxb7+ 1-0

[Event "SR 5. liga SE-SI 2014/2015"]
[Site "?"]
[Date "2014.10.18"]
[Round "1.1"]
[White "Sobek, Michal"]
[Black "Celustkova, Lubica"]
[Result "1/2-1/2"]
[WhiteElo "1684"]
[BlackElo "1614"]
[PlyCount "53"]
[EventDate "2014.??.??"]

1. e4 e5 2. Nf3 Nc6 3. Bb5 a6 4. Ba4 Nf6 5. O-O Be7 6. d3 b5 7. Bb3 O-O 8. c3
d6 9. h3 Na5 10. Bc2 c5 11. Nbd2 Qc7 12. Re1 Bb7 13. Nf1 Nc6 14. Ng3 g6 15. Bh6
Rfd8 16. Qd2 d5 17. exd5 Nxd5 18. Bg5 c4 19. Bxe7 Ndxe7 20. d4 exd4 21. cxd4
Nd5 22. Qg5 Qf4 23. Qxf4 Nxf4 24. Rad1 Nb4 25. Be4 Bxe4 26. Rxe4 Nfd3 27. Re2
1/2-1/2

[Event "SR 5. liga SE-SI 2014/2015"]
[Site "?"]
[Date "2014.10.18"]
[Round "1.1"]
[White "Wallner, Juraj"]
[Black "Filipek, Norbert"]
[Result "1/2-1/2"]
[WhiteElo "1606"]
[BlackElo "1414"]
[PlyCount "48"]
[EventDate "2014.??.??"]

1. e4 c5 2. Nf3 e6 3. d4 cxd4 4. Nxd4 Nf6 5. Nc3 d6 6. Bd3 a6 7. a4 b6 8. b4
Bb7 9. Rb1 Nbd7 10. Qe2 Qc7 11. Bd2 Be7 12. O-O d5 13. exd5 Nxd5 14. Nxd5 Bxd5
15. Bxa6 O-O 16. Bb5 Bf6 17. Be3 Ra7 18. f3 Qc3 19. Rfd1 Rc8 20. Rd3 Qc7 21.
Qd2 Ne5 22. Bf4 Bc4 23. Bxc4 Qxc4 24. Bxe5 Bxe5 1/2-1/2

[Event "SR 5. liga SE-SI 2014/2015"]
[Site "?"]
[Date "2014.10.18"]
[Round "1.1"]
[White "Sobekova, Adela"]
[Black "Tomasovic, Roman"]
[Result "1/2-1/2"]
[WhiteElo "1000"]
[BlackElo "1363"]
[PlyCount "81"]
[EventDate "2014.??.??"]

1. e4 e5 2. Nf3 Nc6 3. Bc4 Bc5 4. c3 a6 5. d4 exd4 6. cxd4 Bb4+ 7. Nc3 Bxc3+ 8.
bxc3 d6 9. d5 Ne5 10. Nxe5 dxe5 11. Ba3 Qf6 12. d6 cxd6 13. Qxd6 Qxd6 14. Bxd6
f6 15. O-O-O Ne7 16. Bxe7 Kxe7 17. Rd2 Bd7 18. Rhd1 Rhd8 19. Bd5 Rab8 20. Bg8
h6 21. Bh7 Rbc8 22. Kb2 Bc6 23. Bf5 Rxd2+ 24. Rxd2 Rd8 25. Rxd8 Kxd8 26. Kb3
Kc7 27. g3 Kd6 28. Kc4 Bb5+ 29. Kb4 Bc6 30. Ka5 Kc7 31. f4 Bb5 32. Kb4 b6 33.
c4 Bc6 34. c5 a5+ 35. Kc4 b5+ 36. Kb3 Be8 37. fxe5 fxe5 38. Kc3 Kc6 39. Kb3
Kxc5 40. Kc3 b4+ 41. Kd3 1/2-1/2

[Event "SR 5. liga SE-SI 2014/2015"]
[Site "?"]
[Date "2014.10.18"]
[Round "1.1"]
[White "Tomasovic, Pavol"]
[Black "Kratochvilova, Lenka"]
[Result "1-0"]
[WhiteElo "1284"]
[BlackElo "1153"]
[PlyCount "93"]
[EventDate "2014.??.??"]

1. e4 e5 2. Nf3 Nc6 3. Bb5 Bd6 4. O-O Nf6 5. Re1 O-O 6. c3 Na5 7. d4 c6 8. Ba4
b5 9. Bc2 Nc4 10. dxe5 Bc5 11. exf6 Qxf6 12. Bg5 Qe6 13. b3 Nb2 14. Qc1 f6 15.
Be3 Bb6 16. Qxb2 d5 17. Bxb6 axb6 18. Nbd2 f5 19. exf5 Qf6 20. Re3 c5 21. Rae1
b4 22. Qa1 Ra3 23. cxb4 Qxa1 24. Rxa1 d4 25. Re4 cxb4 26. Nc4 b5 27. Nxa3 bxa3
28. Rae1 Rd8 29. Re8+ Rxe8 30. Rxe8+ Kf7 31. Rxc8 Kf6 32. Nxd4 Ke5 33. Nxb5 Kd5
34. Nxa3 Kd4 35. Rc4+ Kd5 36. f3 g6 37. fxg6 hxg6 38. g4 g5 39. Kg2 Ke6 40. Kg3
Ke5 41. h4 gxh4+ 42. Kxh4 Kd5 43. f4 Ke6 44. f5+ Ke5 45. g5 Kd6 46. Kg4 Ke7 47.
f6+ 1-0

[Event "SR 5. liga SE-SI 2014/2015"]
[Site "?"]
[Date "2014.10.18"]
[Round "1.1"]
[White "Fajtakova, Silvia"]
[Black "Osadsky, Jan ml"]
[Result "0-1"]
[WhiteElo "1188"]
[BlackElo "1275"]
[PlyCount "32"]
[EventDate "2014.??.??"]

1. e4 Nc6 2. Nf3 Nf6 3. Nc3 d5 4. d3 Bg4 5. Be3 d4 6. Bf4 dxc3 7. bxc3 e5 8.
Bxe5 Nxe5 9. Be2 Nc6 10. O-O Nh5 11. Qd2 Nf4 12. Qxf4 h5 13. Ne1 Bd6 14. e5 g5
15. Qf6 Qxf6 16. exf6 O-O-O {nedá sa prehrat} 0-1

[Event "SR 5. liga SE-SI 2014/2015"]
[Site "?"]
[Date "2014.10.18"]
[Round "1.2"]
[White "Diviak, Rudolf"]
[Black "Bartos, Bohumil"]
[Result "1/2-1/2"]
[WhiteElo "1836"]
[BlackElo "1502"]
[PlyCount "65"]
[EventDate "2014.??.??"]

1. e4 c5 2. Bc4 d6 3. Qe2 Nf6 4. d3 a6 5. c3 e6 6. Nf3 Nc6 7. Bb3 Be7 8. O-O
O-O 9. Re1 Qc7 10. Nbd2 b5 11. Nf1 Bb7 12. Bf4 e5 13. Bd2 h6 14. Ng3 Na5 15.
Bc2 Rfc8 16. Nf5 Bf8 17. Rac1 Qd7 18. Bb1 Nc6 19. a3 Ne7 20. Ng3 a5 21. Qd1 Ng6
22. Nf5 Ne7 23. N3h4 Nxf5 24. Nxf5 d5 25. Ng3 dxe4 26. dxe4 c4 27. Qe2 Qg4 28.
f3 Qe6 29. Be3 Bc5 30. Rcd1 Bxe3+ 31. Qxe3 Rd8 32. Nf5 Ne8 33. Qc5 1/2-1/2

[Event "SR 5. liga SE-SI 2014/2015"]
[Site "?"]
[Date "2014.10.18"]
[Round "1.2"]
[White "Baumgartner, Milan"]
[Black "Ulehla, Jakub"]
[Result "0-1"]
[WhiteElo "1585"]
[BlackElo "1479"]
[PlyCount "64"]
[EventDate "2014.??.??"]

1. a3 e5 2. e4 Nf6 3. Nc3 Bc5 4. Bc4 O-O 5. d3 d6 6. Bg5 c6 7. h3 Qe7 8. Nge2
Be6 9. b4 Bb6 10. Ba2 Nbd7 11. O-O Rfe8 12. a4 a6 13. Kh2 Bxa2 14. Rxa2 Qe6 15.
f4 exf4 16. Bxf4 d5 17. exd5 cxd5 18. d4 Nh5 19. g3 Rac8 20. Rf3 Ndf6 21. Be5
Ne4 22. g4 Nhf6 23. Qf1 Nd2 24. Qf2 Nxf3+ 25. Qxf3 Ne4 26. Ra3 Bc7 27. Nf4 Bxe5
28. dxe5 Qxe5 29. Kg2 Rxc3 30. Rxc3 Qxc3 31. Qe2 Qg3+ 32. Kf1 Qxf4+ 0-1

[Event "SR 5. liga SE-SI 2014/2015"]
[Site "?"]
[Date "2014.10.18"]
[Round "1.2"]
[White "Trojkova, Michaela"]
[Black "Davidik, Miroslav"]
[Result "1-0"]
[WhiteElo "1461"]
[BlackElo "1421"]
[PlyCount "41"]
[EventDate "2014.??.??"]

1. e4 e5 2. Nf3 Nc6 3. Bc4 Nf6 4. Ng5 d5 5. exd5 Na5 6. Bb5+ c6 7. dxc6 bxc6 8.
Be2 h6 9. Nf3 e4 10. Ne5 Qc7 11. d4 Bd6 12. Bf4 O-O 13. Nc3 Rb8 14. Rb1 Re8 15.
O-O c5 16. Nb5 Qb6 17. Nxd6 Qxd6 18. dxc5 Qxc5 19. Nxf7 Rb7 20. Nd6 Rd7 21. b4
1-0

[Event "SR 5. liga SE-SI 2014/2015"]
[Site "?"]
[Date "2014.10.18"]
[Round "1.2"]
[White "Spanik, Ondrej"]
[Black "Kaufman, Robert"]
[Result "0-1"]
[WhiteElo "1228"]
[BlackElo "1127"]
[PlyCount "62"]
[EventDate "2014.??.??"]

1. e4 e5 2. Nf3 Nc6 3. Bc4 Bc5 4. d3 Nf6 5. Nc3 O-O 6. Be3 Bxe3 7. fxe3 d6 8.
d4 exd4 9. exd4 Bg4 10. O-O Qe7 11. d5 Ne5 12. Be2 c6 13. h3 Bh5 14. Nxe5 Bxe2
15. Nxc6 bxc6 16. Qxe2 cxd5 17. Rfe1 dxe4 18. Nxe4 d5 19. Nxf6+ Qxf6 20. Qe5
Qb6+ 21. Kh1 Rad8 22. b3 Qc6 23. c3 Rfe8 24. Qd4 a5 25. c4 dxc4 26. Qxc4 Qd6
27. Red1 Qf6 28. Qc5 Ra8 29. Qd6 Re1+ 30. Kh2 Qxd6+ 31. Rxd6 Rxa1 0-1